000 00614nam a2200229Ia 4500
003 OSt
005 20220928145937.0
006 a|||||r|||| 00| 0
007 ta
008 220927b |||||||| |||| 00| 0 eng d
024 _a85834
037 _cTextual
040 _aSDCL
_cSDCL
_beng
041 _2eng
_aeng
082 _aO-:g, M4
100 _aWojcik Jan Ed.
_9514714
245 0 _aPoetic prophecy in western literature
260 _c1984
700 _a Frontain Raymond-Jean Ed.
_9514715
942 _hO-:g, M4
_cTEXL
_2CC
999 _c838066
_d838066